| 000 | 00641cam a2200205 4500 | ||
|---|---|---|---|
| 001 | D7066 | ||
| 008 | 090401t1983 xxu||||| |||| 00| 0 eng d | ||
| 035 | _a(Sirsi) u5023 | ||
| 041 | _aeng | ||
| 050 | _a690.017 | ||
| 100 | _aMelville, Ian A. | ||
| 245 | _aProfessional practice for building works | ||
| 260 |
_aLondon _bEstates Gazette _c1983 |
||
| 300 | _axiv. 682p. 22cm | ||
| 350 | _a19.5 | ||
| 520 | _aConsiders design professionals` contractual reationship with clients, paying particular attention to the law`s conclusion on what is expected in these matters. | ||
| 700 | _aGordon, Ian A. | ||
| 942 | _n0 | ||
| 948 | _c04/03/1997 | ||
| 999 |
_c86108 _d86108 |
||